00684nam a2200277Ia 4500008004000000020001500040041000800055082001500063100002000078245009200098260004600190300001400236650001400250650001400264650001300278650000700291650000900298650001300307650001800320650001000338650000700348650001200355650001100367650000800378700002000386210210b2013 xxu||||| |||| 00| 0 eng d a0198079990 aeng a323.4 NAIP aNAINER (Vahida) aPursuing elusive justice: mass crimes in India and relevance of international standards aNew DelhibOxford University Pressc2013 axviii,475 astandards arelevance aPursuing aof amass ajustice: ainternational aIndia ain aelusive acrimes aand aUMA (Saumya) Ed